| Tag |
First Indicator |
Second Indicator |
Subfields |
| LEADER |
00000pam a2200000 a 4500 |
| 001 |
in00000071552 |
| 005 |
20151008062258.0 |
| 008 |
810702s1981 nyua b 00110 eng |
| 010 |
|
|
|a 81011426
|
| 020 |
|
|
|a 0471090352
|
| 035 |
|
|
|a (OCoLC)07615055
|
| 035 |
|
|
|9 AAJ9890AM
|
| 039 |
0 |
|
|a 2
|b 3
|c 3
|d 3
|e 3
|
| 040 |
|
|
|a DLC
|c DLC
|d TXA
|d UtOrBLW
|
| 049 |
|
|
|a TXAM
|c [1329165]
|
| 050 |
0 |
0 |
|a TN803
|b .B75
|
| 082 |
0 |
|
|a 622/.334/0685
|2 19
|
| 100 |
1 |
|
|a Britton, Scott G.,
|d 1954-
|
| 245 |
1 |
0 |
|a Practical coal mine management /
|c Scott G. Britton.
|
| 264 |
|
1 |
|a New York :
|b Wiley,
|c [1981]
|
| 264 |
|
4 |
|c ©1981
|
| 300 |
|
|
|a xi, 233 pages :
|b illustrations ;
|c 24 cm.
|
| 336 |
|
|
|a text
|b txt
|2 rdacontent
|
| 337 |
|
|
|a unmediated
|b n
|2 rdamedia
|
| 338 |
|
|
|a volume
|b nc
|2 rdacarrier
|
| 500 |
|
|
|a "A Wiley-Interscience Publication."
|
| 500 |
|
|
|a Includes index.
|
| 504 |
|
|
|a Bibliography: pages 229-230.
|
| 650 |
|
0 |
|a Coal mines and mining
|x Management.
|
| 999 |
|
|
|a MARS
|
| 999 |
f |
f |
|s faf9f9b5-4da4-3b21-8f05-69b97f85db91
|i 93afdb46-4665-39df-8970-899c5ae92360
|t 0
|
| 952 |
f |
f |
|p ric
|a Texas A&M University
|b Rellis Campus
|c Joint Library Facility
|d Remote Storage
|t 0
|e TN803 .B75
|h Library of Congress classification
|i unmediated -- volume
|m A14806255260
|
| 998 |
f |
f |
|a TN803 .B75
|t 0
|l Remote Storage
|